|
|
|
|
| LEADER |
01104nam a2200289 a 4500 |
| 001 |
39183 |
| 003 |
BD-DhAAL |
| 008 |
220721r20181984caua b 001 0 eng d |
| 999 |
|
|
|c 44432
|d 44432
|
| 010 |
|
|
|a 84006250
|
| 020 |
|
|
|a 9781138329423
|
| 020 |
|
|
|a 0201045869
|
| 040 |
|
|
|a DLC
|c DLC
|d DLC
|d BD-DhAAL
|
| 050 |
0 |
0 |
|a QA612
|b .M86 1984
|
| 082 |
0 |
0 |
|a 514.2
|2 19
|
| 100 |
1 |
|
|a Munkres, James R.,
|d 1930-
|9 50063
|
| 245 |
1 |
0 |
|a Elements of algebraic topology /
|c James R. Munkres.
|
| 260 |
|
|
|a Boca Raton :
|b CRC Press,
|c c1984 [reprinted 2018].
|
| 300 |
|
|
|a ix, 454 pages :
|b illustrations ;
|c 24 cm.
|
| 504 |
|
|
|a Includes bibliographical references (pages [447]-448) and index.
|
| 526 |
|
|
|a MNS
|
| 541 |
|
|
|a Book Finder International
|e 39183
|
| 650 |
|
0 |
|a Algebraic topology.
|9 50064
|
| 650 |
|
0 |
|a Mathematics.
|9 50065
|
| 852 |
|
|
|a Ayesha Abed Library
|c General Stacks
|
| 942 |
|
|
|2 ddc
|c BK
|
| 952 |
|
|
|0 0
|1 0
|2 ddc
|4 0
|6 514_200000000000000_MUN
|7 0
|9 71275
|a BRACUL
|b BRACUL
|c GEN
|d 2022-07-18
|e Book Finder International
|g 1234.51
|l 3
|m 29
|o 514.2 MUN
|p 3010039183
|q 2026-06-02
|r 2026-05-18
|s 2026-05-18
|t 1
|v 1234.51
|w 2022-07-18
|y BK
|